000 00361nam a22001577a 4500
003 MPLRDC
005 20220104124822.0
008 210129b ||||| |||| 00| 0 eng d
082 _a857.9 LYS-10 v.6
100 _a梁羽生著
245 _a游剑江湖. 六
_c
260 _a
_b伟青书店
_c
300 _b
650 _a
942 _cBK
_o857.9 LYS-10 v.6
999 _c22397
_d22387